Pays avec trois A dans leur nom - Statistiques

Statistiques générales
  • Ce quiz a été pris 139 fois
    131 depuis la dernière actualisation
  • Le résultat moyen est 8 sur 13
Statistiques - réponses
Réponse % Correct
Canada
92%
Panama
75%
Guatemala
71%
Kazakhstan
70%
Afghanistan
69%
Nicaragua
68%
Antigua-et-Barbuda
64%
Azerbaïdjan
63%
Bahamas
61%
Madagascar
61%
Arabie Saoudite
52%
Paraguay
46%
Émirats arabes unis
41%
Aucun quiz correspondant
Distribution des résultats
% des personnes avec chaque résultat
Percentile par nombre de réponses
Votre historique - résultats
Vous n’avez pas pris ce quiz depuis la dernière actualisation